000 00431nam a2200181Ia 4500
001 20669
005 20260306172822.0
008 260306t2022||||xx |||||||||||||| ||spa||
041 _aESP
082 _a343.6
_bM32
100 _aMayo Zambrano, Guillermo
_eAUT
245 0 _aAuditoría de obras públicas
260 _c2022
300 _a125 páginas :
_c24 cm.
650 _aGEN
654 _aCDE
942 _cLIB
_dJUS
_fJUS
_2ddc
_n
999 _c20669
_d20669